000 00760nam a2200181 4500
005 20260330191027.0
008 210604b ||||| |||| 00| 0 eng d
022 _a10422587
082 _aDPer 658.405 En86 September-November 2015 v. 39 n. 5
100 _aMcMullen, Jeffery S.
_943330
245 _aTo nurture or groom? :
_bthe parent-founder succession dilema /
_cJeffery S. McMullen and Benjamin J. Warnick.
260 _aHoboken, NJ ;
_bWiley Subscription Services, Inc. ,
_cNovember 2015.
300 _aVolume 39, pages 1379-1412 :
_billustrations ;
_c25 cm.
500 _aEntrepreneurship Theory and Practice, vol. 39, no. 5, pages 1379-1412, November 2025.
650 _aBusiness.
_943331
700 _aWarnick, B. J.
_eAuthor.
_943332
942 _2ddc
_cPER
999 _c16180
_d16180